Energy; simulation-training; ocean engineering and instrumentation / (Record no. 355283)

000 -LEADER
fixed length control field 00645nam a2200205 a 4500
001 - CONTROL NUMBER
control field ASIN1580461549
003 - CONTROL NUMBER IDENTIFIER
control field Nust- CAS-E
005 - DATE AND TIME OF LATEST TRANSACTION
control field 20180118181356.0
008 - FIXED-LENGTH DATA ELEMENTS--GENERAL INFORMATION
fixed length control field 140305s2005 xxu eng d
020 ## - INTERNATIONAL STANDARD BOOK NUMBER
International Standard Book Number 1580461549
020 ## - INTERNATIONAL STANDARD BOOK NUMBER
International Standard Book Number 9781580461542
040 ## - CATALOGING SOURCE
Transcribing agency 0
082 ## - DEWEY DECIMAL CLASSIFICATION NUMBER
Classification number 333.79
Author Mark ENE 2005
100 1# - MAIN ENTRY--PERSONAL NAME
Personal name Thompson, Brian J.
245 10 - TITLE STATEMENT
Title Energy; simulation-training; ocean engineering and instrumentation /
Statement of responsibility, etc. Brian J. Thompson.
260 ## - PUBLICATION, DISTRIBUTION, ETC.
Place of publication, distribution, etc. [S.l.] :
Name of publisher, distributor, etc. University of Rochester Press,
Date of publication, distribution, etc. 2005.
300 ## - PHYSICAL DESCRIPTION
Extent 349 p.
856 40 - ELECTRONIC LOCATION AND ACCESS
Materials specified Amazon.com
Uniform Resource Identifier <a href="http://www.amazon.com/exec/obidos/ASIN/1580461549/chopaconline-20">http://www.amazon.com/exec/obidos/ASIN/1580461549/chopaconline-20</a>
942 ## - ADDED ENTRY ELEMENTS (KOHA)
Source of classification or shelving scheme
Koha item type Book
Holdings
Withdrawn status Lost status Source of classification or shelving scheme Damaged status Not for loan Collection code Permanent Location Current Location Shelving location Date acquired Source of acquisition Total Checkouts Full call number Barcode Date last seen Cost, replacement price Price effective from Koha item type
            US-Pakistan Center for Advanced Studies in Energy (USPCAS-E) US-Pakistan Center for Advanced Studies in Energy (USPCAS-E) General Stacks 04/16/2013 Victoria co   333.79 ENE 2005 CAS-E0000157 03/05/2014 15531.00 03/05/2014 Book
© 2023 Central Library, National University of Sciences and Technology. All Rights Reserved.